[Event "East Kilbride Weekly op 4th"]
[Site "East Kilbride"]
[Date "2011.06.02"]
[Round "5"]
[White "Reilly, Andrew"]
[Black "Melvin, John"]
[Result "1/2-1/2"]
[WhiteElo "803"]
[BlackElo "1226"]
[PlyCount "41"]
[EventDate "2011.05.??"]
[EventType "swiss"]
[EventRounds "5"]
[EventCountry "SCO"]
[SourceTitle "EXT 2023"]
[Source "ChessBase"]
[SourceDate "2022.10.05"]
[SourceVersion "1"]
[SourceVersionDate "2022.10.05"]
[SourceQuality "1"]

1. e4 e5 2. Nf3 Nc6 3. Nc3 d6 4. d4 exd4 5. Nxd4 Nxd4 6. Qxd4 Be6 7. Bc4 Qd7 8. Bxe6 Qxe6 9. Qd5 c6 10. Qxe6+ fxe6 11. 0-0 e5 12. f4 Nf6 13. fxe5 dxe5 14. Bg5 Bc5+ 15. Kh1 0-0 16. Bxf6 Rxf6 17. Rxf6 gxf6 18. Rf1 Kf7 19. Rd1 Re8 20. Rd7+ Re7 21. Rxe7+ 1/2-1/2